000 00352nam a22001337a 4500
008 250205b |||||||| |||| 00| 0 eng d
020 _a0880570296
050 _aHD9002
_b.Q85
100 _aQUICK L.Thomas
245 _aManaging people at work: Desk Guide
260 _aNew York
_bExecutive Interprises Publication
_c1983
300 _a423p.
942 _cBK
999 _c1910
_d1910